[Event "Airthings Masters Preliminary"]
[Site "Online"]
[Date "2020.12.23"]
[Round "1.1"]
[White "Harikrishna, Pentala"]
[Black "Vachier-Lagrave, Maxime"]
[Result "1/2-1/2"]
[WhiteElo "2732"]
[BlackElo "2784"]
[Annotator "TA"]
[PlyCount "54"]
[EventDate "2020.12.26"]
[EventType "tourn"]
[EventCountry "NET"]
[SourceTitle "playchess.com"]
[Source "ChessBase"]
[SourceQuality "1"]

{[%evp 9,54,8,12,8,18,23,20,0,0,0,0,0,0,0,0,0,0,-27,0,0,0,0,0,0,0,0,0,0,0,0,0,0,0,0,0,0,0,0,0,0,0,0,0,0,0,0,0]} 1. e4 c5 2. Nf3 d6 3. Bb5+ Nd7 4. O-O a6 5. Bd3 Ngf6 6. c3 {B51: Sicilian: Moscow Variation (3 Bb5+) without 3...Bd7.} b5 7. a4 Bb7 8. axb5 axb5 9. Rxa8 Qxa8 10. Bxb5 Bxe4 11. d4 Bxb1 12. dxc5 {[#] Strongly threatening c6.} Be4 {And now ...Bc6 would win.} ({Weaker is} 12... dxc5 13. Ne5 $18) 13. Re1 $1 e6 {Threatens to win with ...Bxf3.} (13... Bxf3 $5 14. gxf3 Kd8 15. cxd6 exd6 $17) 14. Rxe4 {The position is equal.} Qxe4 15. c6 {Ng5 is the strong threat.} Be7 {[#] aiming for ...Nb6.} 16. Nd2 $1 Qd5 17. cxd7+ Nxd7 18. Qa4 Qb7 19. Bc6 Qc7 {[#]} 20. Nc4 $146 ({Predecessor:} 20. Ne4 f5 21. Ng5 Bxg5 22. Bxg5 Rg8 23. g4 fxg4 24. Qxg4 Kf7 25. Qh5+ Kf8 26. Bxd7 Qxd7 {½-½ (117) Jones,G (2677)-Mekhitarian,K (2543) Batumi 2018}) 20... d5 21. Ne5 Qxe5 {[%cal Re5e1]} 22. Bxd7+ Kd8 {[%cal Re5e1]} 23. Qa8+ Kxd7 {[%cal Re5e1]} 24. Qa4+ Kd8 {[%cal Re5e1]} 25. Qa8+ $1 Kd7 {[%cal Re5e1]} 26. Qa4+ Kd8 {[%cal Re5e1]} 27. Qa8+ $1 Kd7 {[%cal Re5e1] A rather calm draw.  Weighted Error Value: White=0.01/Black=0.02} 1/2-1/2

[Event "Airthings Masters Preliminary"]
[Site "Online"]
[Date "2020.12.23"]
[Round "1.2"]
[White "Dubov, Daniil"]
[Black "Radjabov, Teimour"]
[Result "1/2-1/2"]
[WhiteElo "2699"]
[BlackElo "2765"]
[Annotator "TA"]
[PlyCount "72"]
[EventDate "2020.12.26"]
[EventType "tourn"]
[EventCountry "NET"]
[SourceTitle "playchess.com"]
[Source "ChessBase"]
[SourceQuality "1"]

{[%evp 14,72,5,0,0,0,0,-5,0,0,22,18,15,0,16,0,0,0,35,35,36,38,28,34,25,50,58,64,87,87,87,87,86,86,83,84,81,73,81,57,55,44,60,0,0,0,0,0,0,0,0,0,0,0,0,0,0,0,0,0,0]} 1. d4 Nf6 2. Nf3 d5 3. c4 e6 4. g3 Be7 5. Bg2 O-O 6. Qc2 c5 7. dxc5 Qa5+ 8. Nc3 $1 {8.Nc3 scores better than 8.Nbd2.} dxc4 {E06: Closed Catalan: Early deviations.} 9. O-O Qxc5 10. Bg5 Nc6 11. Bxf6 Bxf6 12. Ne4 Qf5 13. Rfd1 {[#]} Bxb2 $146 ({Predecessor:} 13... e5 14. Qxc4 Be6 15. Nxf6+ Qxf6 {½-½ (15) Ippolito,D (2370)-Ringoir,T (2473) Charlotte 2016}) 14. Qxb2 {Nd4 is the strong threat.} Qxe4 15. Rac1 e5 {[#]} 16. Nd4 $1 {[%mdl 64] Pin} Qg6 17. Nxc6 bxc6 18. Rxc4 Be6 19. Rxc6 Rab8 20. Qxe5 Rb1 21. Rcc1 Rxc1 22. Rxc1 Bxa2 23. Qa5 Be6 24. Qxa7 Qg5 25. f4 Qb5 26. e4 g6 27. h4 Rd8 28. f5 (28. Qf2 $14) 28... gxf5 $11 {The position is equal.} 29. Qe7 Qb6+ 30. Kh2 {And now Qg5+ would win.} fxe4 31. Qg5+ Kf8 32. Re1 Rd4 33. Qf6 (33. Bxe4 $2 Rxe4 $1 {[%mdl 512]} 34. Rxe4 (34. Qh6+ $2 Ke8 $19) 34... Qf2+ 35. Kh1 Qf3+ 36. Kg1 Qxe4 $19) 33... Kg8 34. Qg5+ Kf8 35. Qf6 ({Avoid the trap} 35. Bxe4 $2 {[#]} Rxe4 $1 {[%mdl 512]} 36. Rxe4 (36. Qh6+ $2 Ke8 $19) 36... Qf2+ 37. Kh1 Qf3+ 38. Kg1 Qxe4 $19) 35... Kg8 36. Qg5+ Kf8 {Weighted Error Value: White=0.05/Black=0.03} 1/2-1/2

[Event "Airthings Masters Preliminary"]
[Site "Online"]
[Date "2020.12.23"]
[Round "1.4"]
[White "Carlsen, Magnus"]
[Black "Aronian, Levon"]
[Result "1/2-1/2"]
[WhiteElo "2862"]
[BlackElo "2781"]
[Annotator "TA"]
[PlyCount "122"]
[EventDate "2020.12.26"]
[EventType "tourn"]
[EventCountry "NET"]
[SourceTitle "playchess.com"]
[Source "ChessBase"]
[SourceQuality "1"]

{[%evp 9,122,29,35,10,18,21,29,14,13,6,45,47,50,45,39,25,27,24,65,69,55,65,81,43,47,58,69,63,70,60,59,68,101,91,92,83,118,100,100,84,103,108,109,58,99,103,90,97,117,108,104,97,107,92,140,43,56,0,10,0,0,-42,23,0,0,0,41,37,36,59,51,54,46,60,70,75,781,0,0,0,0,0,22,8,8,8,8,8,8,0,0,0,0,0,0,0,0,0,0,0,0,0,0,0,0,0,0,0,0,0,0,0,0,0,8]} 1. d4 Nf6 2. c4 e6 3. Nf3 d5 4. Nc3 Bb4 (4... Be7 5. cxd5 exd5 6. Bf4 c6 7. Qc2 g6 8. e3 Bf5 9. Bd3 Bxd3 10. Qxd3 Nbd7 11. h4 a5 12. Kf1 a4 13. a3 Qb6 14. Qc2 h5 15. Bg5 O-O 16. Ne5 Rfe8 17. Bxf6 Nxf6 18. Rh3 Qb3 {0-1 (58) Carlsen,M (2863)-Aronian,L (2767) Stavanger 2020}) 5. cxd5 exd5 6. Bf4 {D38: Queen's Gambit Declined: Ragozin Defence (4 Nf3 Bb4).} c6 7. e3 Bf5 8. Qb3 {White has an edge.} Qb6 9. Nh4 {[#]} Bg6 $146 ({Predecessor:} 9... Be6 10. Bd3 Be7 11. Qc2 Nh5 12. Bg3 Nxg3 13. hxg3 g6 14. f4 Rg8 15. Nf3 Nd7 16. Rxh7 {1-0 (30) Le,Q (2709)-Gajewski,G (2616) chess.com INT 2020}) 10. Nxg6 hxg6 11. h3 Nbd7 12. Bd3 c5 {Hoping for ...c4.} 13. a3 Ba5 14. Qxb6 Bxb6 15. dxc5 Nxc5 16. O-O-O O-O-O 17. Kb1 Ne6 18. Be5 Bc7 19. Bxc7 Kxc7 20. Bc2 g5 21. Bb3 Kc6 22. Rc1 Kd6 23. Nb5+ Ke5 24. Nxa7 Ne4 25. Nb5 g4 26. Rc2 ({Better is} 26. hxg4 $16 Nxf2 27. Rhf1 Nxg4 28. Rxf7) 26... Rh5 27. f3 gxf3 28. gxf3 Ng3 29. Rd1 Nf5 {[#]} 30. Rc3 Ne7 31. Nc7 g5 {[#]} 32. Nxe6 (32. e4 $1 $16) 32... fxe6 $14 33. Rc7 Nf5 34. e4 Nd4 35. Rxb7 Rxh3 (35... dxe4 $15 36. fxe4 Rxh3) 36. exd5 $11 exd5 37. Re7+ (37. Rb4 {is interesting.} Rxf3 38. Re1+ Kf5 39. Bd1 Rf4 40. Rb7) 37... Kd6 (37... Kf6 {is interesting.} 38. Re3 Nxf3 39. Rf1 g4 40. Bd1 d4) 38. Re3 Nxb3 39. Rxb3 $14 {[%mdl 4096] Endgame KRR-KRR} Rf8 40. Rdd3 Rf4 41. Kc2 Ke5 42. Rb5 Rd4 {[%mdl 8192]} (42... Rh2+ $16 43. Kb3 Rd4) 43. Rxd4 $2 (43. f4+ $1 $18 Ke4 44. Rxh3 gxf4 45. Rb7) 43... Kxd4 $18 {KR-KR. The position is equal.} 44. Rb3 Rh2+ 45. Kb1 Rh3 (45... Rh1+ {seems wilder.} 46. Ka2 Kc4 47. Rb4+ Kd3 48. a4 d4) 46. Ka2 Kc4 47. Rc3+ Kb5 48. Kb3 d4 49. Rd3 Kc5 {...g4! is the strong threat.} 50. Kc2 $1 Rg3 51. a4 Rg2+ 52. Rd2 Rg3 53. Rf2 Kb4 54. b3 g4 55. fxg4 d3+ 56. Kd2 Rxg4 57. Kxd3 Rg3+ 58. Kc2 Rc3+ 59. Kb1 {Strongly threatening Ka2.} Rxb3+ 60. Rb2 Rxb2+ 61. Kxb2 Kxa4 {Weighted Error Value: White=0.17/Black=0.10} 1/2-1/2

[Event "Airthings Masters Preliminary"]
[Site "Online"]
[Date "2020.12.23"]
[Round "1.5"]
[White "Giri, Anish"]
[Black "Nepomniachtchi, Ian"]
[Result "1/2-1/2"]
[WhiteElo "2764"]
[BlackElo "2784"]
[Annotator "TA"]
[PlyCount "83"]
[EventDate "2020.12.26"]
[EventType "tourn"]
[EventCountry "NET"]
[SourceTitle "playchess.com"]
[Source "ChessBase"]
[SourceQuality "1"]

{[%evp 9,83,0,19,18,17,16,19,15,23,20,10,6,17,9,116,123,118,117,115,114,117,115,120,118,114,94,93,41,36,36,42,51,49,41,44,46,45,41,50,47,48,48,58,60,53,39,34,42,45,18,22,0,0,0,0,0,0,0,0,0,0,0,0,0,0,-8,-8,-8,-8,-8,-8,-8,-8,-8,0,0]} 1. d4 Nf6 2. c4 g6 3. Nc3 d5 4. Nf3 (4. cxd5 Nxd5 5. e4 Nxc3 6. bxc3 Bg7 7. Bc4 c5 8. Ne2 O-O 9. O-O Nc6 10. Be3 Bg4 11. f3 Bd7 12. Rb1 Qc7 13. Qd2 Rfd8 14. Rfc1 Be8 15. h4 e5 16. Bd5 cxd4 17. cxd4 exd4 18. Nxd4 Qe5 19. Ne2 b6 20. Bf4 Qe7 {½-½ (40) Giri,A (2764)-Nepomniachtchi,I (2784) chess24.com INT 2020}) 4... Bg7 5. h4 c6 6. cxd5 {D90: Grünfeld: 4 Nf3 Bg7 sidelines.} cxd5 7. Bf4 Nc6 8. e3 O-O 9. Qb3 $1 {9.Qb3 scores better than 9.Ne5.} a6 10. Rc1 {[#]} Re8 $146 ({Predecessor:} 10... b5 11. Ne5 Na5 12. Qb4 Nh5 13. Bh2 Bxe5 14. Bxe5 Nc6 {1-0 (44) Sargsyan,S (2416)-Hayrapetyan,H (2502) Yerevan 2017}) 11. Be2 Bg4 (11... Na5 $11 12. Qa3 Bg4) 12. Qxb7 $16 Bxf3 13. Bxf3 e5 14. dxe5 ({Reject} 14. Qxc6 $6 exf4 15. Nxd5 (15. Bxd5 $2 Rc8 $19) 15... Nxd5 $11) 14... Nxe5 15. Bxe5 Rxe5 16. O-O Re7 17. Qb3 Rb8 18. Nxd5 (18. Qc2 $16) 18... Rxb3 $14 {[#]} 19. Rc8 $1 {[%cal Rc8d8]} Re8 (19... Rd7 20. Rxd8+) 20. Rxd8 Rxd8 21. Nxf6+ Bxf6 22. axb3 Bxh4 {[%mdl 4096] Endgame KRB-KRB} 23. Ra1 Rd6 24. g3 Bf6 25. Ra2 h5 26. Be2 h4 27. gxh4 Rd2 28. Kf1 Bxh4 29. Ra4 g5 {The position is equal.} 30. f4 Rxb2 31. fxg5 Bxg5 32. Rg4 f6 33. Bxa6 Kf8 34. e4 Rxb3 35. e5 Rf3+ 36. Kg2 Rf4 37. Rxf4 (37. Kg3 {seems wilder.} Rf5 38. exf6 Ra5 39. Bc4 Bxf6 40. Re4) 37... Bxf4 38. exf6 Be5 39. Kf3 Bxf6 40. Ke4 Bh8 41. Kf5 Kg7 42. Bc4 {Weighted Error Value: White=0.05/Black=0.08} 1/2-1/2

[Event "Airthings Masters Preliminary"]
[Site "Online"]
[Date "2020.12.23"]
[Round "1.6"]
[White "Grischuk, Alexander"]
[Black "Nakamura, Hikaru"]
[Result "0-1"]
[WhiteElo "2777"]
[BlackElo "2736"]
[Annotator "TA"]
[PlyCount "128"]
[EventDate "2020.12.26"]
[EventType "tourn"]
[EventCountry "NET"]
[SourceTitle "playchess.com"]
[Source "ChessBase"]
[SourceQuality "1"]

{[%evp 12,128,27,8,25,19,22,17,14,16,13,12,18,24,25,36,26,20,11,0,0,0,10,0,0,0,0,-19,0,0,29,28,8,13,14,20,27,-86,-63,-70,-75,-74,-73,-81,-40,-38,0,-82,-69,-206,-142,-113,-105,-116,-117,-120,-135,-118,-18,-22,-11,-27,-25,-16,-15,-4,0,0,0,-14,-8,-137,-132,-136,-132,-132,-129,-129,-132,-169,-132,-132,-132,-133,-135,-116,-89,-89,-89,-89,-89,-95,-95,-95,-89,-89,-89,-89,-89,-89,0,-8,-8,-508,-464,-406,-22,-22,-22,-29971,-29972,-29972,-29972,-29971,-29971,-29978,-29979,-29987,-29988]} 1. e4 e5 2. Nf3 Nc6 3. Bc4 Bc5 4. c3 Nf6 5. d3 d6 6. O-O h6 {6...h6 is the recent fashion.} 7. Re1 O-O {C54: Giuoco Piano: 4 c3 Nf6, main lines with 5 d4 and 5 d3.} 8. Nbd2 a5 9. Nf1 Be6 {The position is equal.} 10. Bb5 Ne7 11. d4 exd4 12. cxd4 Bb6 13. Ng3 d5 14. e5 Ne4 15. Bd3 Nxg3 16. hxg3 Bg4 17. Be3 a4 18. Rc1 Qd7 {[#]} 19. Kh2 $146 ({Predecessor:} 19. a3 Rfe8 20. Kh2 Nf5 21. Bb1 Nxe3 22. Rxe3 Bf5 23. Ba2 c6 24. Nh4 Bh7 25. f4 {½-½ (37) Ding,L (2791)-Nakamura,H (2736) chess24.com INT 2020}) 19... Bh5 20. e6 fxe6 {[#]} 21. Ne5 $1 Qe8 22. g4 Bg6 23. Nxg6 Nxg6 {[%cal Be7g6,Bg6f4,Bf4d3][%mdl 32]} 24. g5 (24. Bc2 $11) 24... Nf4 25. gxh6 Nxd3 26. Qxd3 Qh5+ 27. Kg1 c6 28. hxg7 Rf6 29. f3 (29. Qe2 $1 $11 {remains equal.} Qf5 30. g3) 29... Bc7 $17 30. Bf2 ({White must play} 30. Kf2 $1 $15 Qh2 31. Rg1) 30... Kxg7 31. Kf1 Rg6 32. g4 Qh2 33. Ke2 Bg3 34. Rf1 e5 (34... Rf8 $17 {Hoping for ...Qg2.} 35. Kd1 Bxf2) 35. dxe5 $1 $11 Re8 {And now ...Bxf2 would win.} 36. Kd1 Bxf2 37. Rc2 Qxe5 (37... Qf4 {is more complex.} 38. Rcxf2 Rxe5 39. Re2 Rh6 40. Rfe1 Rxe2 41. Qxe2 Rf6) 38. Rcxf2 Qe3 (38... Qf4 {looks sharper.} 39. Re2 Rxe2 40. Qxe2 Rf6 41. Kc2 Kf7) 39. Qxe3 Rxe3 {[%mdl 4096] Endgame KRR-KRR} 40. Re2 Rge6 41. Rfe1 (41. Rg2 $11 {keeps the balance.}) 41... Rd3+ $17 42. Kc2 Rxe2+ 43. Rxe2 Rxf3 {KR-KR} 44. Re7+ Rf7 45. Re6 Rf2+ 46. Kc3 Kf7 47. Rh6 Ke7 48. g5 a3 49. b4 Rxa2 {aiming for ...Rg2.} 50. Kb3 Rg2 {...a2 is the strong threat.} 51. Kxa3 Rg3+ 52. Ka4 Rxg5 {Threatens to win with ...Rg4.} 53. Rh7+ Kd6 54. Rxb7 Rg3 55. Rb8 d4 (55... Kc7 $17 56. Rh8 Rg2) 56. Rd8+ $11 Ke5 57. Re8+ $2 {[%mdl 8192]} (57. b5 $11 {and White stays safe.}) 57... Kf4 58. Rf8+ {[#]} Ke3 $2 ({Black should try} 58... Ke4 $1 $19 {White must now prevent ...Rc3.} 59. Re8+ Kd5) 59. Rf6 d3 60. Kb3 $2 {[%mdl 8192]} (60. Re6+ $11 Kf2 61. Kb3) 60... Ke2 {Black mates.} 61. Rd6 Ke1 62. Re6+ Kd1 63. Rxc6 d2+ 64. Kc4 {[#]} Kc2 $1 {Weighted Error Value: White=0.37/Black=0.28} 0-1

[Event "Airthings Masters Preliminary"]
[Site "Online"]
[Date "2020.12.23"]
[Round "2.1"]
[White "Vachier-Lagrave, Maxime"]
[Black "Nakamura, Hikaru"]
[Result "1/2-1/2"]
[WhiteElo "2784"]
[BlackElo "2736"]
[Annotator "TA"]
[PlyCount "96"]
[EventDate "2020.12.26"]
[EventType "tourn"]
[EventCountry "NET"]
[SourceTitle "playchess.com"]
[Source "ChessBase"]
[SourceQuality "1"]

{[%evp 12,96,17,17,18,12,18,6,9,11,17,22,19,11,22,28,25,21,32,0,0,0,18,0,10,22,21,16,16,19,14,21,14,8,8,0,0,0,13,10,18,22,12,14,23,16,22,23,22,23,26,18,44,38,39,29,41,8,22,22,23,0,10,10,8,19,8,17,10,10,33,15,20,0,0,0,0,-37,-42,-47,0,0,0,-45,0,0,0]} 1. e4 e5 2. Nf3 Nc6 3. Bc4 Bc5 4. O-O Nf6 5. d3 d6 6. c3 h6 {6...h6 is a critical line.} 7. Re1 O-O {C54: Giuoco Piano: 4 c3 Nf6, main lines with 5 d4 and 5 d3.} 8. Nbd2 a5 9. Nf1 Be6 10. Bb5 Ne7 11. d4 exd4 12. cxd4 Bb6 13. Ng3 d5 14. e5 Ne4 15. Bd3 Nxg3 16. hxg3 Bg4 17. Bc2 c5 18. dxc5 Bxc5 19. Be3 Rc8 20. Bxc5 Rxc5 21. Qd2 Qc7 22. Bd3 Nc6 23. Qe3 Nb4 24. Nd4 Nxd3 25. Qxd3 Qb6 {[#]} 26. f3 $146 ({Predecessor:} 26. b3 Rfc8 27. Kh2 Qb4 28. Qe3 Rc3 29. Qf4 Bd7 30. Red1 a4 31. Ne2 Qxf4 32. Nxf4 {½-½ (76) Vachier Lagrave,M (2784)-Nakamura,H (2736) chess24.com INT 2020}) 26... Bd7 27. Qd2 a4 28. Kh2 Rfc8 29. Rad1 Rc4 30. g4 Re8 31. b3 axb3 32. axb3 Rc5 33. Qf4 Qc7 {Threatening ...f6.} 34. Rd3 (34. Qg3 {seems wilder.} Ra8 35. Ne2 Re8 36. f4 Rc2 37. Rd3) 34... Rc3 35. Rxc3 Qxc3 36. Rc1 Qa5 37. g5 hxg5 38. Qxg5 Qb6 39. Rd1 Qc7 40. f4 Ra8 41. Rd3 $40 {[%mdl 128] [#] Strongly threatening Rg3. White is up to no good.} Ra6 $1 {[%cal Ra6g6] ...Rg6 is the strong threat.} 42. e6 Bxe6 43. Rg3 {[%csl Gg3][%cal Rg5g7]} g6 44. Qh4 Bd7 45. Nf3 Bf5 46. Nd4 Bd7 47. Nf3 Bf5 48. Nd4 Bd7 {Weighted Error Value: White=0.06/Black=0.06} 1/2-1/2

[Event "Airthings Masters Preliminary"]
[Site "Online"]
[Date "2020.12.23"]
[Round "2.2"]
[White "Nepomniachtchi, Ian"]
[Black "Grischuk, Alexander"]
[Result "0-1"]
[WhiteElo "2784"]
[BlackElo "2777"]
[Annotator "TA"]
[PlyCount "118"]
[EventDate "2020.12.26"]
[EventType "tourn"]
[EventCountry "NET"]
[SourceTitle "playchess.com"]
[Source "ChessBase"]
[SourceQuality "1"]

{[%evp 12,118,14,15,8,14,16,4,11,12,20,16,10,20,10,-52,-41,-40,-5,-12,-17,-18,-17,-27,-62,-111,-35,-50,19,-60,-27,-22,-33,-29,-30,-102,-95,-101,-89,-147,-153,-150,-139,-146,-88,-98,-88,-88,-88,-88,-88,-114,-89,-132,-140,-156,-136,-145,-139,-242,-246,-249,-249,-239,-227,-220,-214,-285,-270,-344,-339,-977,-880,-959,-764,-1047,-959,-980,-436,-368,0,-885,-844,-653,-727,-519,-459,-459,-452,-3934,-2514,-5606,-3704,-12837,-12837,-12836,-12834,-12843,-12840,-12843,-12844,-29981,-29982,-29981,-29983,-29987,-29988,-29988,-29989]} 1. e4 e5 2. Nf3 Nc6 3. Bc4 Bc5 4. c3 Nf6 5. d3 d6 6. O-O O-O 7. Re1 {is now more promising than 7.Bb3.} a5 {C54: Giuoco Piano: 4 c3 Nf6, main lines with 5 d4 and 5 d3.} 8. h3 Ba7 $5 {[%mdl 4] [#] An interesting side line.} 9. Na3 $146 ({Predecessor:} 9. Bb3 h6 10. Nbd2 Be6 11. Bc2 Re8 12. Nf1 d5 13. exd5 Bxd5 14. Ng3 Qd6 15. Nf5 {1-0 (51) So,W (2770)-Grischuk,A (2777) chess.com INT 2020}) 9... h6 {The position is equal.} 10. Nb5 Bb6 11. Be3 Bxe3 12. Rxe3 Re8 13. d4 (13. Qc2 $11) 13... exd4 $15 14. cxd4 Rxe4 15. Rxe4 Nxe4 16. Qb3 Qd7 17. Re1 Nf6 18. Qe3 Qd8 (18... Nb4 $17 {And now ...Nc2 would win.} 19. Qe7 Qxe7 20. Rxe7 Bd7) 19. a3 Bd7 ({Better is} 19... Bf5 $15) 20. d5 (20. Qb3 $11) 20... Ne5 (20... Nb8 {seems wilder.} 21. Nc3 Na6 22. Nd4 Qf8 23. Qd2 Nc5) 21. Nxe5 dxe5 22. Nc3 Qf8 23. Qg3 (23. Qxe5 $2 Re8 $19) (23. Bf1 $1 $11) 23... Qc5 $17 24. Bd3 Qb6 25. Rxe5 ({Don't go for} 25. Qxe5 $2 Re8 $19) (25. Nd1 $142) 25... Qxb2 {[%mdl 64] [#] Double Attack} 26. Ne4 Nxe4 27. Bxe4 Qc1+ 28. Kh2 Qc5 29. d6 Qxd6 30. Bxb7 Rb8 31. Bf3 Rb5 ({Of course not} 31... Qxa3 $6 32. Rd5 $11) 32. Re3 Kf8 33. Rc3 Rc5 $36 {[%mdl 2048] Black is on the roll.} 34. Rxc5 Qxc5 35. Qh4 (35. Be4 $17 {was worth a try.}) 35... Qxa3 $19 36. Qd8+ Be8 {Hoping for ...Qd6+.} 37. Qxc7 a4 38. Bd5 Qe7 39. Qb8 {intending Bc6.} Qc5 40. Qd8 g5 ({Weaker is} 40... Qxf2 41. Qd6+ Kg8 42. Qb8 $17) 41. f4 $2 {[#]} (41. Kg1) 41... gxf4 42. Bf3 Qe5 43. Qc8 Kg7 44. Qg4+ Qg5 (44... Kh7 $142 45. Qc8 a3) 45. Qc8 Qe5 (45... Qg3+ 46. Kh1 Qe1+ 47. Kh2 Qe5) 46. Qg4+ $1 Kf6 47. Qc8 Ke7 48. Qa6 Qd6 49. Qe2+ Kf8 50. Qb2 (50. Qc4 $142) 50... a3 51. Qc3 Bd7 52. h4 Ke7 53. Qa5 Be6 54. Qa7+ Kf8 55. Qa8+ Kg7 56. Qa5 a2 {Black mates.} 57. Qc3+ f6 58. Qa5 Qe5 59. Qa7+ Bf7 {Weighted Error Value: White=0.38/Black=0.40} 0-1

[Event "Airthings Masters Preliminary"]
[Site "Online"]
[Date "2020.12.23"]
[Round "2.3"]
[White "Aronian, Levon"]
[Black "Giri, Anish"]
[Result "1-0"]
[WhiteElo "2781"]
[BlackElo "2764"]
[Annotator "TA"]
[PlyCount "79"]
[EventDate "2020.12.26"]
[EventType "tourn"]
[EventCountry "NET"]
[SourceTitle "playchess.com"]
[Source "ChessBase"]
[SourceQuality "1"]

{[%evp 19,79,-10,-17,-12,-10,-10,0,-49,-40,-67,-75,-85,-26,-55,-48,-44,45,0,91,91,81,87,220,75,54,73,57,66,54,62,52,69,66,56,55,45,67,48,39,24,20,11,318,355,486,512,462,568,569,558,640,643,638,638,638,633,660,649,672,660,794,776]} 1. e4 c5 2. Nf3 d6 3. d4 cxd4 4. Nxd4 Nf6 5. Nc3 a6 6. Bc4 e6 7. Be3 b5 8. Bb3 Be7 9. a3 O-O 10. Qe2 Bb7 11. f3 {B87: Sicilian Scheveningen/Najdorf: 6 Bc4, with early ...b5.} Nc6 12. O-O-O Na5 {[#]} 13. h4 $146 {The position is equal.} ({Predecessor:} 13. g4 Rc8 14. g5 Nd7 15. Rhg1 g6 16. Bxe6 Rxc3 17. bxc3 fxe6 18. Nxe6 Qc8 19. Bd4 {0-1 (35) Brongers,H (2056)-Filipenko,A (2250) Bucharest 2019}) 13... Rc8 14. Kb1 {[#]} Rxc3 $1 15. bxc3 Qc7 ({Better is} 15... d5 $1 $17) 16. g4 Nd7 {[%mdl 1024] Black has compensation.} 17. g5 Ne5 (17... Nc4 $15) 18. h5 Nec4 (18... Nac4 $1 $11) 19. Bc1 $16 d5 20. g6 Nxa3+ {[#]} (20... Bf6 $16 {was necessary.}) 21. Bxa3 (21. Ka2 $1 $18 {is the precise move to win. Threatens to win with h6.} N3c4 22. gxf7+ Rxf7 23. h6) 21... Bxa3 22. gxf7+ Rxf7 23. Rd3 Nxb3 24. cxb3 dxe4 25. fxe4 Qe5 26. b4 {Black must now prevent Nc2.} Bxe4 {[#] And now ...Qd5! would win.} 27. Nc2 $1 {Re1 is the strong threat.} Rf5 $1 28. Re1 Bxd3 29. Qxe5 Rxe5 30. Rxe5 $14 {[%mdl 4096] Endgame KRN-KB} Kf7 {[%mdl 8192] [#]} (30... Bf5 $1 $11) 31. Rc5 $1 $18 g5 32. Rxg5 {White is clearly winning.} Kf6 33. Rg8 Be4 34. h6 e5 35. Rb8 Kf5 36. Rb6 a5 37. bxa5 Bc5 38. Rxb5 Bg1 39. Kb2 Bd3 40. Rb7 {Weighted Error Value: White=0.12/Black=0.39} 1-0

[Event "Airthings Masters Preliminary"]
[Site "Online"]
[Date "2020.12.23"]
[Round "2.4"]
[White "So, Wesley"]
[Black "Carlsen, Magnus"]
[Result "1/2-1/2"]
[WhiteElo "2770"]
[BlackElo "2862"]
[Annotator "TA"]
[PlyCount "64"]
[EventDate "2020.12.26"]
[EventType "tourn"]
[EventCountry "NET"]
[SourceTitle "playchess.com"]
[Source "ChessBase"]
[SourceQuality "1"]

{[%evp 27,64,-10,2,8,12,0,0,0,0,0,0,0,0,0,0,0,8,0,21,33,33,25,30,16,23,0,0,0,0,0,0,0,0,0,0,0,0,0,0]} 1. d4 Nf6 2. c4 g6 3. Nc3 Bg7 4. e4 d6 5. Nf3 O-O 6. Be2 e5 7. dxe5 dxe5 8. Qxd8 Rxd8 9. Bg5 Re8 10. Nd5 Nxd5 11. cxd5 c6 12. Bc4 cxd5 13. Bxd5 Nd7 14. Nd2 Nb6 (14... Nc5 {with more complications.} 15. Nc4 Bf8 16. O-O Be6 17. Rfd1 Rac8) 15. Bb3 {E92: King's Indian: Classical: 6 Be2 e5: 7 dxe5, 7 Be3 and Petrosian System without 7...Nbd7.} Be6 16. Bxe6 Rxe6 17. Rc1 Rc8 {[#]} 18. Ke2 $146 ({Predecessor:} 18. Rxc8+ Nxc8 {½-½ (18) Feletar,D (2420)-Muse,M (2453) Rabac 2003}) 18... Rec6 19. Rxc6 Rxc6 20. b3 Bf8 21. Be3 Bb4 22. a3 Bxa3 23. Ra1 Bc5 24. Rxa7 Bxe3 25. Kxe3 $14 {[%mdl 4096] Endgame KRN-KRN} Rc7 26. Nc4 Nxc4+ {The position is equal.} 27. bxc4 Rxc4 28. Rxb7 $11 {KR-KR} Rc3+ 29. Ke2 Rc2+ 30. Ke3 Rc3+ 31. Ke2 Rc2+ 32. Ke3 Rc3+ {Not much happened in this game.  Weighted Error Value: White=0.04/Black=0.03} 1/2-1/2